000 00454nam a2200181Ia 4500
003 GCL
008 140319s9999 xx 000 0 eng d
040 _aGCL /
_cGCL
082 0 4 _a787
_bL G
100 1 _aLAMB, NORMAN
245 1 0 _aGUIDE TO TEACHING STRINGS /
_cLAMB, NORMAN
260 _a[S.N] :
_bWCB BROWN & BENCHANARK ،
_c1994
300 _a211 P
650 0 4 _aTEACHING
650 0 4 _aMUSIC
650 0 4 _aSTRINGED INSTRUMENTS
942 _2ddc
_cBK
999 _c11781
_d11781